Peace and development education : (Record no. 25553)
[ view plain ]
| 000 -LEADER | |
|---|---|
| fixed length control field | 00815nam a2200253 a 4500 |
| 003 - CONTROL NUMBER IDENTIFIER | |
| control field | OSt |
| 005 - DATE AND TIME OF LATEST TRANSACTION | |
| control field | 20140310183628.0 |
| 008 - FIXED-LENGTH DATA ELEMENTS--GENERAL INFORMATION | |
| fixed length control field | 100324s19uu xx 00 eng d |
| 020 ## - INTERNATIONAL STANDARD BOOK NUMBER | |
| International Standard Book Number | 978-971-584-870-1 |
| 050 ## - LIBRARY OF CONGRESS CALL NUMBER | |
| Classification number | LC 179 |
| Item number | .G821 2009 |
| 100 ## - MAIN ENTRY--PERSONAL NAME | |
| Personal name | Gregorio, Bienvenido L. |
| 245 ## - TITLE STATEMENT | |
| Title | Peace and development education : |
| Remainder of title | an introduction to the core concepts in peace and development education for college students / |
| Statement of responsibility, etc | Bienvenido L. Gregorio. |
| 260 ## - PUBLICATION, DISTRIBUTION, ETC. (IMPRINT) | |
| Place of publication, distribution, etc | Quezon City : |
| Name of publisher, distributor, etc | C & E Publishing, Inc, |
| Date of publication, distribution, etc | c2009. |
| 300 ## - PHYSICAL DESCRIPTION | |
| Extent | 149 p. : |
| Dimensions | 19 cm. |
| 521 ## - TARGET AUDIENCE NOTE | |
| Target audience note | |
| 650 ## - SUBJECT ADDED ENTRY--TOPICAL TERM | |
| Topical term or geographic name as entry element | Education |
| General subdivision | Philippines |
| -- | concepts. |
| 650 ## - SUBJECT ADDED ENTRY--TOPICAL TERM | |
| Topical term or geographic name as entry element | Values education |
| General subdivision | Philippines. |
| 650 ## - SUBJECT ADDED ENTRY--TOPICAL TERM | |
| Topical term or geographic name as entry element | Educational system |
| General subdivision | Philippines. |
| 942 ## - ADDED ENTRY ELEMENTS (KOHA) | |
| Koha item type | Books |
| Source of classification or shelving scheme | Library of Congress Classification |
| Call number prefix | Local |
| Withdrawn status | Lost status | Source of classification or shelving scheme | Damaged status | Home library | Current library | Shelving location | Date acquired | Source of acquisition | Total Checkouts | Full call number | Barcode | Date last seen | Copy number | Price effective from | Koha item type |
|---|---|---|---|---|---|---|---|---|---|---|---|---|---|---|---|
| Library of Congress Classification | Archives | Archives | 10/26/2013 | Donation | LC 179 .G821 2009 | C13961 | 05/08/2018 | 2 | 10/26/2013 | Books | |||||
| Library of Congress Classification | College Library | College Library | Filipiniana Section | 10/26/2013 | Library Fund | LC 179 .G821 2009 | C10580 | 05/08/2018 | 1 | 10/26/2013 | Books | ||||
| Library of Congress Classification | College Library | College Library | Filipiniana Section | 10/26/2013 | Library Fund | LC 179 .G821 2009 | C13389 | 05/08/2018 | 3 | 10/26/2013 | Books | ||||
| Library of Congress Classification | College Library | College Library | Filipiniana Section | 10/26/2013 | Library Fund | LC 179 .G821 2009 | C13388 | 05/08/2018 | 4 | 10/26/2013 | Books |